00242nam a22001097a 4500003000400000020001500004082001400019100002500033245003900058260002700097300000800124SGT a8172242873 a920bA64C aCHAUDHURI, NIRAD C.  aAUTOBIOGRAPHY OF AN UNKNOWN INDIAN bJAICO PUBLISHINGc1964 a610